00462nam a2200133Ia 4500008004100000020001800041082001900059100002000078245011500098260002500213300001000238500002700248650005300275120622s9999 xx 000 0 und d a968-23-1753-3 a320.5315 D394m aDenitch, Bogdan aMás allá del rojo y el verde : ¿Tiene futuro el socialismo? / Bogdan Denitch ; tr. Lorenzo Aldrete Bernal aMéxico : Siglo XXI a260 p aIncluye bibliografía a1. SOCIALISMO. 2. CAPITALISMO. 3. DEMOCRACIA.Ì